000 00601nam a2200169 i 4500
001 123989
003 ES-MaACL
005 20230906192306.0
007 t|
008 070214s1949 sp r ||||1| spa d
100 1 _aRamírez Yáñez, Manuel.
_995182
245 1 0 _aSucinta historia del Banco Hipotecario de España
_b: desde su fundación hasta fin del año de 1947 /
_cpor Manuel Ramírez Yáñez.
260 _aMadrid :
_b[s. n.],
_c1949 (
_fImp. Alonso)
300 _a107 p., 3 lám. :
_bil. ;
_c24 cm.
610 0 4 _aBanco Hipotecario de España.
_92126
852 _aES-MaACL
_j1893-F-14
_bR.27015
999 _c123989
_d123989